00239nam a22000977a 4500020001500000082001000015100002000025245003700045260005000082300000900132 a9694480396 a327.1 aDr. S.M Koreshi aWestern fundamentalism in action aIslamabadbInstitute of policy studiesc1995. a306p